| 000 | 00626nam a22002177a 4500 | ||
|---|---|---|---|
| 005 | 20170124110035.0 | ||
| 010 | _aA-298456 | ||
| 020 |
_c00.00 _a8185019037 |
||
| 035 | _aA-298456 | ||
| 037 | _bCen Lib/Ret | ||
| 040 |
_aDPL _bEN |
||
| 082 |
_a333.720954 _bSAM |
||
| 100 |
_aSamar Singh _917179 |
||
| 245 |
_aConserving India's natural heritage / _cby Samar Singh |
||
| 260 |
_aDehradun _bNatraj Publishers _c1986 |
||
| 270 | _a | ||
| 300 |
_a219p. : _c22cm(Hb) _bill. |
||
| 650 |
_aNature conservation _913480 |
||
| 650 |
_aNature conservation--Planning _922555 |
||
| 942 |
_2ddc _cEN _h333.720954 _mSAM |
||
| 999 |
_c128157 _d128157 |
||